00726atm a2200289 450000500170000000800410001702000150005804100080007304100080008108200170008910000400010624500560014626000150020226000100021726000090022730000180023650500340025465000140028865000150030265000150031765000110033265000100034394200120035399900150036595200280038095200280040820240716100313.0150728b2004 CR ||||| |||| 00| 0 spa d a9968702951 aESP aING a582.16 V164i aValerio Gutiérrez, Carlos Enrique aLos increíbles higuerones = Incredible fig trees  aCosta Rica bINBIO c2004 a123 páginas aIncluye fotografías a color aÁRBOLES aHIGUERONES aCHILAMATES aBONSAI aHIGOS cBK2ddc c6719d6719 o582.16 V164ip12000yBK o582.16 V164ip12001yBK